书目信息 |
| 题名: |
旅游资源开发
|
|
| 作者: | 周红军 , 周振宇 主编 | |
| 分册: | ||
| 出版信息: | 郑州 郑州大学出版社 2012.02 |
|
| 页数: | 287页 | |
| 开本: | 26cm | |
| 丛书名: | ||
| 单 册: | ||
| 中图分类: | F590.31 | |
| 科图分类: | ||
| 主题词: | 旅游资源开发--高等职业教育--教材 , 旅游资源开发 | |
| 电子资源: | ||
| ISBN: | 978-7-5645-0690-2 | |
| 000 | 01012nam0 2200277 450 | |
| 001 | 010010012942 | |
| 005 | 20130504153347.26 | |
| 010 | @a978-7-5645-0690-2@dCNY30.00 | |
| 100 | @a20120504d2012 em y0chiy0110 ea | |
| 101 | 0 | @achi |
| 102 | @aCN@b410000 | |
| 105 | @ay z 000yy | |
| 106 | @ar | |
| 200 | 1 | @a旅游资源开发@9lv you zi yuan kai fa@f周红军,周振宇主编 |
| 205 | @a2版 | |
| 210 | @a郑州@c郑州大学出版社@d2012.02 | |
| 215 | @a287页@d26cm | |
| 300 | @a高等职业教育旅游类“十二五”规划教材 | |
| 330 | @a本书共分11章,包括旅游资源与旅游业发展认知、旅游资源概述、旅游资源审美、自然旅游资源、人文旅游资源、旅游资源调查、旅游资源评价、旅游资源开发、旅游规划、旅游资源开发与旅游业可持续发展、中国世界遗产等内容。 | |
| 606 | 0 | @a旅游资源开发@x高等职业教育@j教材 |
| 606 | 0 | @a旅游资源开发 |
| 690 | @aF590.31@v5 | |
| 701 | 0 | @a周红军@9zhou hong jun@c(女, 职业教育)@4主编 |
| 701 | 0 | @a周振宇@9zhou zhen yu@c(职业教育)@4主编 |
| 801 | 0 | @aCN@bNLC@c20120806 |
| 905 | @b542881-85@dF590.31@e307=2@f5 | |
| 旅游资源开发/周红军,周振宇主编.-2版.-郑州:郑州大学出版社,2012.02 |
| 287页;26cm |
| 高等职业教育旅游类“十二五”规划教材 |
| ISBN 978-7-5645-0690-2:CNY30.00 |
| 本书共分11章,包括旅游资源与旅游业发展认知、旅游资源概述、旅游资源审美、自然旅游资源、人文旅游资源、旅游资源调查、旅游资源评价、旅游资源开发、旅游规划、旅游资源开发与旅游业可持续发展、中国世界遗产等内容。 |
| ● |
| 相关链接 |
|
|
|
|
正题名:旅游资源开发
索取号:F590.31/307=2
 
预约/预借
| 序号 | 登录号 | 条形码 | 馆藏地/架位号 | 状态 | 备注 |
| 1 | 542881 | 205428811 | 第一样本阅览室/ [索取号:F590.31/307=2] | 在馆 | |
| 2 | 542882 | 205428820 | 第一借阅区/ [索取号:F590.31/307=2] | 在馆 | |
| 3 | 542883 | 205428839 | 第一借阅区/ [索取号:F590.31/307=2] | 在馆 | |
| 4 | 542884 | 205428848 | 第一借阅区/ [索取号:F590.31/307=2] | 在馆 | |
| 5 | 542885 | 205428857 | 第一借阅区/ [索取号:F590.31/307=2] | 在馆 |